ARRUPE JESUIT UNIVERSITY

CORONAVIRUS -STOP THE SPREAD - CLEAN,DISINFECT,COVER

Chaos & complexity : (Record no. 129800)

MARC details
000 -LEADER
fixed length control field 01225cam a2200337 a 4500
001 - CONTROL NUMBER
control field 3955154
003 - CONTROL NUMBER IDENTIFIER
control field ARRUPE
005 - DATE AND TIME OF LATEST TRANSACTION
control field 20190904144038.0
008 - FIXED-LENGTH DATA ELEMENTS--GENERAL INFORMATION
fixed length control field 931213s1993 gw a b 001 0 eng
010 ## - LIBRARY OF CONGRESS CONTROL NUMBER
LC control number 93242700
020 ## - INTERNATIONAL STANDARD BOOK NUMBER
International Standard Book Number 3527290079
020 ## - INTERNATIONAL STANDARD BOOK NUMBER
International Standard Book Number 1560817984
040 ## - CATALOGING SOURCE
Original cataloging agency DLC
Transcribing agency DLC
Modifying agency DLC
050 00 - LIBRARY OF CONGRESS CALL NUMBER
Classification number Q172.5.C45
Item number K39 1993
082 00 - DEWEY DECIMAL CLASSIFICATION NUMBER
Classification number 003./7
Edition number 20
300 ## - PHYSICAL DESCRIPTION
Other physical details ill. ;
Dimensions 24 cm.
100 1# - MAIN ENTRY--PERSONAL NAME
Personal name Kaye, Brian H.
Fuller form of name (Brian Howard),
Dates associated with a name 1932-
9 (RLIN) 48052
245 10 - TITLE STATEMENT
Title Chaos & complexity :
Remainder of title discovering the surprising patterns of science and technology /
Statement of responsibility, etc Brian Kaye.
260 ## - PUBLICATION, DISTRIBUTION, ETC. (IMPRINT)
Place of publication, distribution, etc Weinheim ;
-- New York :
Name of publisher, distributor, etc VCH,
Date of publication, distribution, etc c1993.
300 ## - PHYSICAL DESCRIPTION
Extent xxii, 593 p. :
504 ## - BIBLIOGRAPHY, ETC. NOTE
Bibliography, etc Includes bibliographical references and indexes.
650 #0 - SUBJECT ADDED ENTRY--TOPICAL TERM
Topical term or geographic name as entry element Chaotic behavior in systems.
9 (RLIN) 14155
650 #0 - SUBJECT ADDED ENTRY--TOPICAL TERM
Topical term or geographic name as entry element Fractals.
9 (RLIN) 48053
650 #0 - SUBJECT ADDED ENTRY--TOPICAL TERM
Topical term or geographic name as entry element Computational complexity.
9 (RLIN) 48054
650 #0 - SUBJECT ADDED ENTRY--TOPICAL TERM
Topical term or geographic name as entry element Technological complexity.
9 (RLIN) 48055
740 0# - ADDED ENTRY--UNCONTROLLED RELATED/ANALYTICAL TITLE
Uncontrolled related/analytical title Chaos and complexity.
906 ## - LOCAL DATA ELEMENT F, LDF (RLIN)
a 7
b cbc
c orignew
d 2
e ncip
f 19
g y-gencatlg
942 ## - ADDED ENTRY ELEMENTS (KOHA)
Source of classification or shelving scheme Library of Congress Classification
Koha item type Monograph ( Printed materials)
Holdings
Withdrawn status Lost status Source of classification or shelving scheme Damaged status Not for loan Collection code Home library Current library Shelving location Date acquired Total Checkouts Full call number Barcode Date last seen Date checked out Price effective from Koha item type
    Library of Congress Classification     Main Collection ARRUPE LIBRARY ARRUPE LIBRARY Main Collection 04/09/2019 2 Q172.5.C45 K39 1993 46600005424 08/10/2019 24/09/2019 04/09/2019 Monograph ( Printed materials)

 

Arrupe Library. PO Box MP320 Mt Pleasant, Harare, Zimbabwe
263 242 745411|librarian@aju.ac.zw